1080 1004 1758 1985 1231 1051 1507 1975 1698 1106 1394 1610 1207 1416 1405 1683 1818 1594 1415 1371 1886 1424 1987 1238 1448 1471 1519 1411 1946 1366 1325 1836 1737 1718 1008 1799 1512 1287 1621 1182 1870 1912 1735 1116 1150 1030 1531 1618 1297 1420 1424 1199 1441 1434 1012 1131 1269 1271 1365 1684 1870 1991 1581 1669 1943 1183 1308 1302 1870 1811 1352 1764 1985 1625 1423 1865 1023 1693 1462 1483 1451 1771 1049 1507 1810 1801 1259 1783 1601 1593 1717 1315 1312 1344 1370 1178 1493 1579 1022 BCNSPRNW ULIB Ver.6.0+V

เปลี่ยนเป็นภาษาไทย

Change to English
 แสดงรายละเอียดบรรณานุกรม
  กลับหน้าหลัก

Brief Record : Get Marc (ISO 2709) : E-mail record : QR code < ปิดหน้าต่าง
LEADER : 00000nas 2200000uu 4500
001    13399125081
003     ULIB
008    160620s2559||||th 000 0 tha d
022    ^a01257477
110    ^aกรtทรวงสาธารณสุข^bกรมควบคุมโรค^bสำนักระบาดวิทยา^c
245    ^aรายงานการเฝ้าระวังทางระบาดวิทยาประจำสัปดาห์(วิทยาเขตนครสวรรค์)/^cสำนักระบาดวิทยา
260    ^aนนทบุรี :^bสำนักระบาดวิทยา,^cม.ป.ป.
310    ^aรายปี
850 ^a ULIB^bปีที่ 47 ฉบับที่ ฉบับพิเศษ ฉ.1 ;ปีที่ 45 ฉบับที่ ฉบับพิเศษ ฉ.1
945    ^p0^l0^i903865
945    ^p0^l0^i903866
999    ^aเกษร โพธิ์สุวรรณ
รายการนี้ยังไม่มีแท็ก
คุณยังไม่ได้ล็อกอิน คุณสามารถมีกิจกรรมร่วมกับเว็บไซต์ได้ แต่ต้องล็อกอินก่อน ::
  ล็อกอิน

รายการสื่อสารสนเทศ (วารสาร)

ดูแบบ: กล่อง รายการ
ARRIVED
ปีที่ 45 ฉบับที่ ฉบับพิเศษ ฉ.1
สถานที่: ห้องสมุดวิทยาเขตสวรรค์ประชารักษ์ >วารสาร
ARRIVED
ปีที่ 47 ฉบับที่ ฉบับพิเศษ ฉ.1
สถานที่: ห้องสมุดวิทยาเขตสวรรค์ประชารักษ์ >วารสาร

BibComment


ยังไม่เคยถูกคอมเมนท์

คอมเมนท์ทรัพยากรรายการนี้
  คอมเมนท์: รายงานการเฝ้าระว..


 Copyright 2026. Bcnsprnw @Library